01485nam a2200277Ia 450000500170000000800410001702000190005808200190007710000170009624501290011325000390024230000430028150505150032465000450083965000470088465000280093170000260095970000400098594200120102526400320103733600270106933700330109633800280112904000350115799900150119220220317001124.0160825s2007 sp a g 000 0 spa  a9788480195801204a796.323 bK17c1 aKarl, George10a101 ejercicios defensivos de baloncestocGeorge Karl, Terry Stotts, Price Johnson ; traducción Eduardo Margaretto Kohrmann a2a. edición b1a. reimpresión  a142 páginas bilustraciones c22 cm  acapítulo 1. Ejercicios para la transición defensiva. -- capítulo 2. Ejercicios para la defensa al hombre. -- capítulo 3. Ejercicios para el trabajo de pies. -- capítulo 4. Ejercicios para la defensa en zona. -- capítulo 5. Ejercicios defensivos en toda la pista. -- capítulo 6. ejercicios de uno contra uno. -- capítulo 7. Ejercicios de rebote. -- capítulo 8. Ejercicios para la defensa en los postes. -- capítulo 9. Defender los bloqueos. -- capítulo 10. Ejercicios de cambios de marcaje142LEMBaBaloncestoxEnseñanza elemental 142LEMBaBaloncestoxEstrategia y técnicas 142LEMBaJuegos de pelota 1 aStotts, Terry 9664471 aMargaretto Kohrmann, Eduardo966448 2ddccBK aBarcelonabPaidotriboc2007 atextobtxt2rdacontent asin mediaciónbn2rdamedia avolumenbnc2rdacarrier aCO-BoRNBPbspaerdacCO-BoRNBP c5993d5993